| 000 | 00718nas a2200253 4500 | ||
|---|---|---|---|
| 001 | BR0704279 | ||
| 003 | BR-BrBNA | ||
| 005 | 20231205111106.0 | ||
| 007 | ta | ||
| 008 | 230509b bl.|||p| |||| 00| 00por d | ||
| 040 |
_aBR-BrBNA _bpor _cBiblioteca Nacional de Agricultura |
||
| 041 | _a(Pt) | ||
| 072 | _aF30 | ||
| 100 | 1 | _aOliveira, F.J. | |
| 100 | 1 | _aBastos, G.Q. | |
| 100 | 1 | _aCarneiro, F.W.O. | |
| 245 | 1 | _aTeor de fibra em genótipos de feijão-vagem | |
| 650 | _aFEIJÃO TREPADOR | ||
| 650 | _aFIBRA BRUTA | ||
| 650 | _aGENÓTIPO | ||
| 773 | 0 |
_tEcossistema (Brazil) _xISSN 0100-4107 _g(Jan-Jul 2001), v. 26(1) p. 65-67 _wBR0704279 |
|
| 909 |
_a202311 _bLúcia _c55 _dLúcia Elande |
||
| 942 |
_2AGRIS _n0 _cANA |
||
| 999 |
_c190606 _d190606 |
||